[Event "Guillermo Garcia Memorial op"]
[Site "Santa Clara"]
[Date "2022.05.03"]
[Round "4"]
[White "Navarro Herrera, Leinier Alcides"]
[Black "Santos Peraza, Edel David"]
[Result "1-0"]
[WhiteElo "1965"]
[BlackElo "1762"]
[PlyCount "51"]
[EventDate "2022.04.30"]
[EventType "swiss"]
[EventRounds "9"]
[EventCountry "CUB"]
[SourceTitle "CBM 208 Extra"]
[Source "ChessBase"]
[SourceDate "2022.07.31"]
[SourceVersion "1"]
[SourceVersionDate "2022.07.31"]
[SourceQuality "1"]

1. Nf3 Nf6 2. g3 e6 3. Bg2 c5 4. 0-0 Nc6 5. b3 d5 6. d4 cxd4 7. Nxd4 Bd6 8. Bb2 0-0 9. e3 e5 10. Ne2 Be6 11. Nd2 Rc8 12. Rc1 Qe7 13. c4 Rfd8 14. Nc3 d4 15. Nd5 Bxd5 16. cxd5 dxe3 17. fxe3 Bc5 18. dxc6 Bxe3+ 19. Kh1 Bxd2 20. cxb7 Rb8 21. Rc8 Ne8 22. Rxd8 Rxd8 23. b8Q Rxb8 24. Qxd2 f6 25. Rd1 e4 26. Bxe4 1-0

[Event "Guillermo Garcia Memorial op 28th"]
[Site "Santa Clara"]
[Date "2019.04.23"]
[Round "1"]
[White "Santos Peraza, Edel David"]
[Black "Lavigne Lopez, Raul Leonardo"]
[Result "1/2-1/2"]
[WhiteElo "1606"]
[BlackElo "2123"]
[PlyCount "116"]
[EventDate "2019.04.23"]
[EventType "swiss"]
[EventRounds "9"]
[EventCountry "CUB"]
[SourceTitle "EXT 2020"]
[Source "ChessBase"]
[SourceDate "2019.10.17"]
[SourceVersion "1"]
[SourceVersionDate "2019.10.17"]
[SourceQuality "1"]

1. e4 c5 2. Nf3 d6 3. d4 cxd4 4. Nxd4 Nf6 5. Nc3 g6 6. Be3 Bg7 7. f3 0-0 8. Qd2 Nc6 9. 0-0-0 d5 10. Nxc6 bxc6 11. e5 Nd7 12. f4 e6 13. Na4 f6 14. Nc5 Qe7 15. Nxd7 Bxd7 16. Qc3 fxe5 17. fxe5 Rf5 18. Bd4 Bxe5 19. Bxe5 Qg5+ 20. Kb1 Rxe5 21. Bd3 Re3 22. Qd2 Qe5 23. Rhf1 Rb8 24. c3 Rf8 25. Rxf8+ Kxf8 26. Rf1+ Ke7 27. Qf2 Kd6 28. Kc2 c5 29. Kd2 Rxd3+ 30. Kxd3 Bb5+ 31. Kd2 Bxf1 32. Qf8+ Kd7 33. Qf7+ Kc6 34. Qxf1 Qg5+ 35. Kd1 Qg4+ 36. Kd2 c4 37. g3 Qg5+ 38. Kd1 Qh5+ 39. Kc1 Qxh2 40. Qf8 Qh1+ 41. Kc2 Qe4+ 42. Kc1 h5 43. Qc8+ Kd6 44. Qb8+ Ke7 45. Qxa7+ Kf6 46. Qf2+ Ke5 47. a4 g5 48. a5 h4 49. gxh4 gxh4 50. a6 h3 51. a7 Qh1+ 52. Kd2 Qa1 53. Qg3+ Kf6 54. Qf4+ Kg6 55. Qg4+ Kf6 56. Qh4+ Kg6 57. Qg4+ Kf6 58. Qf4+ Kg6 1/2-1/2

[Event "Francisco Martinez 8th tt"]
[Site "Santa Clara"]
[Date "2018.08.20"]
[Round "8.3"]
[White "Santos Peraza, Edel David"]
[Black "Flores Gomez, Yohnier"]
[Result "1/2-1/2"]
[WhiteElo "1762"]
[BlackElo "1883"]
[PlyCount "133"]
[EventDate "2018.08.16"]
[EventType "team-tourn"]
[EventRounds "10"]
[EventCountry "CUB"]
[EventCategory "8"]
[SourceTitle "EXT 2021"]
[Source "ChessBase"]
[SourceDate "2020.10.23"]
[SourceVersion "1"]
[SourceVersionDate "2020.10.23"]
[SourceQuality "1"]

1. e4 Nf6 2. e5 Nd5 3. d4 d6 4. Nf3 dxe5 5. Nxe5 e6 6. c4 Nf6 7. Nc3 Be7 8. Be2 0-0 9. 0-0 Nbd7 10. Be3 c5 11. Nxd7 Nxd7 12. d5 Nf6 13. Qd2 exd5 14. cxd5 a6 15. Rad1 Bd6 16. Bg5 h6 17. Bf4 Bf5 18. Bf3 b5 19. Rfe1 b4 20. Ne4 Nxe4 21. Bxe4 Bxe4 22. Rxe4 g5 23. Bxd6 Qxd6 24. Qe2 Rad8 25. h4 Kg7 26. hxg5 hxg5 27. Qe3 Qg6 28. Re5 f6 29. Re7+ Rf7 30. d6 Rh8 31. Rd2 Qb1+ 32. Qe1 Qh7 33. Rxf7+ Kxf7 34. Qe7+ Kg6 35. Qxh7+ Kxh7 36. Re2 Rd8 37. Re7+ Kg6 38. d7 f5 39. Kf1 Kf6 40. Rh7 Ke6 41. Rh6+ Kxd7 42. Rxa6 Kc7 43. Ke2 c4 44. Ra5 c3 45. bxc3 bxc3 46. Rc5+ Kb6 47. Rxc3 Ra8 48. Rc2 Ra5 49. Kd2 Ra3 50. Kc1 Ra5 51. Kb2 Rb5+ 52. Kc3 Kc5 53. a4 Ra5 54. Kb3+ Kb6 55. Kb4 Re5 56. Ra2 Re4+ 57. Kb3 Ka5 58. Kc3 g4 59. Rd2 Rxa4 60. Rd5+ Kb6 61. Rxf5 g3 62. Kd2 Ra2+ 63. Ke3 Ra3+ 64. Ke2 Ra2+ 65. Kf3 Rxf2+ 66. Kg4 Rxg2 67. Rf3 1/2-1/2

[Event "Francisco Martinez 8th tt"]
[Site "Santa Clara"]
[Date "2018.08.16"]
[Round "2.2"]
[White "Santos Peraza, Edel David"]
[Black "Lopez Perez, Cesar Eduardo"]
[Result "1-0"]
[WhiteElo "1762"]
[BlackElo "1402"]
[PlyCount "51"]
[EventDate "2018.08.16"]
[EventType "team-tourn"]
[EventRounds "10"]
[EventCountry "CUB"]
[EventCategory "8"]
[SourceTitle "EXT 2021"]
[Source "ChessBase"]
[SourceDate "2020.10.23"]
[SourceVersion "1"]
[SourceVersionDate "2020.10.23"]
[SourceQuality "1"]

1. e4 e5 2. Nf3 Nc6 3. d4 exd4 4. Nxd4 Nf6 5. Nxc6 bxc6 6. e5 Qe7 7. Qe2 Nd5 8. c4 Ba6 9. Nd2 g6 10. Nf3 Bg7 11. Bg5 f6 12. exf6 Qxe2+ 13. Bxe2 Nxf6 14. 0-0-0 0-0-0 15. Rhe1 Rde8 16. Bd3 Ng4 17. Bh4 Ne5 18. Nxe5 Bxe5 19. Re2 Bf4+ 20. Kc2 Rxe2+ 21. Bxe2 Re8 22. Bg4 Kb7 23. Rxd7 h5 24. Bf3 Bxc4 25. Rd4 g5 26. Rxc4 1-0

[Event "Guillermo Garcia Memorial op 27th"]
[Site "Santa Clara"]
[Date "2018.05.29"]
[Round "7"]
[White "Barrera Hincapie, Felipe"]
[Black "Santos Peraza, Edel David"]
[Result "1-0"]
[WhiteElo "1898"]
[BlackElo "1769"]
[PlyCount "93"]
[EventDate "2018.05.22"]
[EventType "swiss"]
[EventRounds "9"]
[EventCountry "CUB"]
[SourceTitle "CBM 184 Extra"]
[Source "ChessBase"]
[SourceDate "2018.06.28"]
[SourceVersion "1"]
[SourceVersionDate "2018.06.28"]
[SourceQuality "1"]

1. d4 d5 2. c4 e6 3. Nc3 c5 4. e3 Nf6 5. Nf3 Nc6 6. cxd5 exd5 7. Be2 Be7 8. 0-0 0-0 9. dxc5 Bxc5 10. Qb3 Bb6 11. Na4 Be6 12. Nxb6 Qxb6 13. Qxb6 axb6 14. a3 Rfd8 15. Rd1 Rac8 16. Nd4 Nxd4 17. Rxd4 Rc7 18. Bd3 Rdc8 19. Bd2 h6 20. h3 Kf8 21. Rd1 Ke7 22. Kf1 h5 23. Bb4+ Ke8 24. Bc3 g6 25. Bc2 Rc5 26. Rb4 Nd7 27. Ba4 Ke7 28. Bb3 Kd6 29. Rbd4 Kc7 30. Bb4 Rc6 31. Bxd5 Bxd5 32. Rxd5 Nf6 33. Re5 Re8 34. Rxe8 Nxe8 35. Bc3 f6 36. Ke2 Rd6 37. Rxd6 Kxd6 38. Kd3 f5 39. f4 Kd5 40. Be5 Nd6 41. Bxd6 Kxd6 42. e4 fxe4+ 43. Kxe4 Ke6 44. g4 h4 45. a4 Kf6 46. Kd5 g5 47. f5 1-0

[Event "Guillermo Garcia Memorial op 27th"]
[Site "Santa Clara"]
[Date "2018.05.22"]
[Round "1"]
[White "Borges Barroso, Yohan"]
[Black "Santos Peraza, Edel David"]
[Result "1-0"]
[WhiteElo "2154"]
[BlackElo "1769"]
[PlyCount "37"]
[EventDate "2018.05.22"]
[EventType "swiss"]
[EventRounds "9"]
[EventCountry "CUB"]
[SourceTitle "CBM 184 Extra"]
[Source "ChessBase"]
[SourceDate "2018.06.28"]
[SourceVersion "1"]
[SourceVersionDate "2018.06.28"]
[SourceQuality "1"]

1. b3 d5 2. Bb2 c5 3. Nf3 Nc6 4. e3 Nf6 5. Bb5 a6 6. Bxc6+ bxc6 7. Ne5 Qc7 8. 0-0 e6 9. d3 Bd6 10. f4 0-0 11. Nd2 Re8 12. Ndf3 Nd7 13. Nxf7 Kxf7 14. Ng5+ Kg8 15. Qh5 Nf8 16. Qxe8 g6 17. Be5 Bxe5 18. fxe5 Qg7 19. Rxf8+ 1-0

[Event "Santa Clara Salado Cup"]
[Site "Santa Clara"]
[Date "2018.04.01"]
[Round "6"]
[White "Santos Peraza, Edel David"]
[Black "Muniz Guevara, Amanda Maria"]
[Result "0-1"]
[WhiteElo "1217"]
[BlackElo "2001"]
[PlyCount "68"]
[EventDate "2018.03.29"]
[EventType "swiss"]
[EventRounds "7"]
[EventCountry "CUB"]
[SourceTitle "EXT 2021"]
[Source "ChessBase"]
[SourceDate "2020.10.23"]
[SourceVersion "1"]
[SourceVersionDate "2020.10.23"]
[SourceQuality "1"]

1. e4 e5 2. Nf3 Nc6 3. d4 exd4 4. Nxd4 Nf6 5. Nxc6 bxc6 6. e5 Qe7 7. Qe2 Nd5 8. c4 Ba6 9. b3 g6 10. Bb2 Bg7 11. Nd2 0-0 12. 0-0-0 Nb6 13. Nf3 Rfe8 14. Qc2 Bb7 15. Bd3 c5 16. Be4 Bxe4 17. Qxe4 d6 18. Rhe1 f6 19. e6 Rab8 20. Re2 a5 21. Qc2 a4 22. Qc3 axb3 23. axb3 c6 24. Nd2 d5 25. Qf3 Ra8 26. Rde1 Ra2 27. cxd5 cxd5 28. Nb1 Bh6+ 29. Kd1 d4 30. Na3 Rd8 31. Qd3 Nd5 32. Qb1 Nc3+ 33. Kc2 Nxb1 34. Kxb1 Rxb2+ 0-1

[Event "Santa Clara Salado Cup"]
[Site "Santa Clara"]
[Date "2018.03.31"]
[Round "4"]
[White "Santos Peraza, Edel David"]
[Black "Gandia Munoz, Pedro Julio"]
[Result "1-0"]
[WhiteElo "1217"]
[BlackElo "1817"]
[PlyCount "55"]
[EventDate "2018.03.29"]
[EventType "swiss"]
[EventRounds "7"]
[EventCountry "CUB"]
[SourceTitle "EXT 2021"]
[Source "ChessBase"]
[SourceDate "2020.10.23"]
[SourceVersion "1"]
[SourceVersionDate "2020.10.23"]
[SourceQuality "1"]

1. e4 e5 2. Nf3 Nc6 3. d4 exd4 4. Nxd4 Bc5 5. Nb3 Bb6 6. Qe2 Qe7 7. Nc3 Nf6 8. f3 d6 9. Be3 Bxe3 10. Qxe3 Be6 11. 0-0-0 0-0-0 12. Bb5 Bxb3 13. axb3 Kb8 14. Bxc6 bxc6 15. Rhe1 Nd7 16. Qe2 Qg5+ 17. Kb1 Qa5 18. Rd4 Nb6 19. b4 Qe5 20. Red1 Qxh2 21. Qa6 Qxg2 22. R4d3 Rhe8 23. b5 Nd7 24. bxc6 Nc5 25. Qb5+ Ka8 26. Nd5 Rc8 27. Rb3 a6 28. Ra3 1-0

[Event "Santa Clara Salado Cup"]
[Site "Santa Clara"]
[Date "2018.03.30"]
[Round "2"]
[White "Ulloa Rey, Luis Ernesto"]
[Black "Santos Peraza, Edel David"]
[Result "1-0"]
[WhiteElo "1806"]
[BlackElo "1217"]
[PlyCount "121"]
[EventDate "2018.03.29"]
[EventType "swiss"]
[EventRounds "7"]
[EventCountry "CUB"]
[SourceTitle "EXT 2021"]
[Source "ChessBase"]
[SourceDate "2020.10.23"]
[SourceVersion "1"]
[SourceVersionDate "2020.10.23"]
[SourceQuality "1"]

1. e4 e5 2. Nf3 Nf6 3. Nc3 Bb4 4. Qe2 Nc6 5. a3 Bxc3 6. dxc3 0-0 7. g3 Re8 8. Bg2 d5 9. exd5 Nxd5 10. 0-0 Qe7 11. Be3 Bg4 12. h3 Bh5 13. g4 Bg6 14. Nh2 Nxe3 15. fxe3 e4 16. Rad1 Rad8 17. Rxd8 Rxd8 18. Rd1 Rxd1+ 19. Qxd1 Qc5 20. Kf2 Kf8 21. Nf1 Ke7 22. Ng3 Qe5 23. Qe2 Qe6 24. Qb5 b6 25. Nf5+ Kf8 26. Nd4 Qf6+ 27. Kg1 Ne5 28. Qa6 Nf3+ 29. Bxf3 exf3 30. Qc8+ Ke7 31. Qxc7+ Ke8 32. Qc8+ Ke7 33. Qb7+ Ke8 34. Qb8+ Qd8 35. Qxd8+ Kxd8 36. Nxf3 Bxc2 37. Ne5 Ke8 38. Nc6 a6 39. Nb4 Ba4 40. Nxa6 b5 41. Nb4 Kd7 42. Kf2 Kd6 43. Nd3 Kd5 44. Nc1 Bc2 45. Ne2 Kc4 46. Nd4 Bd3 47. Kg3 Kd5 48. Kf4 h6 49. h4 f6 50. e4+ Kd6 51. Ke3 Bf1 52. Nf5+ Ke5 53. Nxg7 Bh3 54. Nf5 Bxg4 55. Nxh6 Bh3 56. Nf5 Bg2 57. Ng3 Bh3 58. h5 Be6 59. h6 Bg8 60. b3 Bh7 61. a4 1-0